Návrh opatrení na zlepšenie procesu vzdelávania zamestnancov v podniku GAJOS, s.r.o.

Na minha lista:
Detalhes bibliográficos
Autor principal: Jobek, Pavol (Author)
Outros Autores: Cuninková, Lucia (Thesis advisor)
Formato: Manuscrito Livro
Idioma:eslovaco
Publicado em: 2024
Assuntos:
Acesso em linha:http://is.stuba.sk/zp/portal_zp.pl?podrobnosti=172663
Tags: Adicionar Tag
Sem tags, seja o primeiro a adicionar uma tag!

MARC

LEADER 00000ntm a22000003a 4500
001 stuzp97843
003 SK-STU
005 20240629211535.0
007 ta
008 150427s2015----xo-----f-mn---000-0-slo-d
040 |a STU  |b slo 
041 0 |a slo 
100 1 |a Jobek, Pavol  |u 064000  |4 aut  |U MTF Materiálovotechnologická fakulta  |T MTF Ústav priemyselného inžinierstva a manažmentu  |X 116642  |U M4000  |Y 84  |7 116642 
242 0 1 |a Proposal for measures to improve the education process in company GAJOS, s.r.o.  |y eng 
245 1 0 |a Návrh opatrení na zlepšenie procesu vzdelávania zamestnancov v podniku GAJOS, s.r.o. 
260 |c 2024 
650 4 |a personálny manažment  |2 slo 
650 4 |a vzdelávanie a rozvoj  |2 slo 
650 4 |a proces vzdelávania  |2 slo 
650 4 |a education process  |2 eng 
650 4 |a personal management  |2 eng 
650 4 |a education and employee development  |2 eng 
700 1 |a Cuninková, Lucia  |u 064000  |k Z3  |4 ths  |U MTF Materiálovotechnologická fakulta  |T MTF Ústav priemyselného inžinierstva a manažmentu  |X 112309  |U M4000  |Y 84  |7 112309 
856 4 |u http://is.stuba.sk/zp/portal_zp.pl?podrobnosti=172663 
996 |c M* BP-9768  |l MMSKP  |s P  |a 0  |w stuzp97843_0001